00703cam a22001698i 4500020001800000020001500018040000800033082002600041100001800067245009100085246006100176300002800237520021800265650001600483650001400499700002000513 a9781603587259 a160358725X cAGL00a338 CAR 2005 A069 Or.1 aLogsdon, Gene10aLetter to a young farmer :bhow to live richly without wealth on the new garden farm /30aHow to live richly without wealth on the new garden farm axiv, 210 pages ;c23 cm aIn his final book of essays - completed just weeks before he died - self-described "contrary farmer" Gene Logsdon addresses the next generation of small-scale "garden farmers" seeking a better way of life.--COVER. 0aAgriculture 0aFarm life1 aBerry, Wendell,